مكتبة جامعة عجلون الوطنية

فهرس بحث المكتبة

Normal view MARC view
  • الاسلام-مقالات ومحاضرات

Entry Topical Term

Number of records used in: 1

001 - CONTROL NUMBER

  • control field: 20836

003 - CONTROL NUMBER IDENTIFIER

  • control field: JO-AjAnu

005 - DATE AND TIME OF LATEST TRANSACTION

  • control field: 20230606073623.0

008 - FIXED-LENGTH DATA ELEMENTS

  • fixed length control field: 230606|| aca||aabn | a|a d

040 ## - CATALOGING SOURCE

  • Original cataloging agency: JO-AjAnu
  • Transcribing agency: JO-AjAnu

150 ## - HEADING--TOPICAL TERM

  • Topical term or geographic name entry element: الاسلام-مقالات ومحاضرات

670 ## - SOURCE DATA FOUND

  • Source citation: Work cat.: (JO-AjAnu)10704: الحسيني،خلف محمد, author 20835, البيان في منهج الإسلام